Vybrané problémy poistného trhu

Recenzia na vedeckú štúdiu Vybrané problémy poistného trhu od vysokoškolskej učiteľky Ing. Eriky Pastorákovej, PhD. Kniha poskytuje nový pohľad na vybrané súčasti poistného trhu.

Saved in:
Bibliographic Details
Main Author: Tajtáková, Mária
Format: Book Chapter
Language:Slovak
Subjects:
Tags: Add Tag
No Tags, Be the first to tag this record!

MARC

LEADER 00000nla$a2200000$$$4500
001 0052165
005 20231121080752.7
041 0 |a slo 
044 |a SK 
245 1 0 |a Vybrané problémy poistného trhu  |c Mária Tajtáková 
520 |a Recenzia na vedeckú štúdiu Vybrané problémy poistného trhu od vysokoškolskej učiteľky Ing. Eriky Pastorákovej, PhD. Kniha poskytuje nový pohľad na vybrané súčasti poistného trhu. 
610 2 0 |a recenzie 
610 2 0 |a trh poistný 
610 2 0 |a poisťovne 
610 2 0 |a poistenie neživotné 
610 2 0 |a poistenie životné 
100 1 |a Tajtáková, Mária